Sin / (Запис № 549142)

МАРК-запис
000 -LEADER
fixed length control field 01413cam a2200349Ia 4500
001 - CONTROL NUMBER
control field sin00hart
003 - CONTROL NUMBER IDENTIFIER
control field CaSfIA
005 - DATE AND TIME OF LATEST TRANSACTION
control field 20210119082417.0
007 - PHYSICAL DESCRIPTION FIXED FIELD--GENERAL INFORMATION
fixed length control field cr||||
008 - FIXED-LENGTH DATA ELEMENTS--GENERAL INFORMATION
fixed length control field 930617r19931992nyu 000 1 eng d
010 ## - LIBRARY OF CONGRESS CONTROL NUMBER
Canceled/invalid LC control number 92053853
040 ## - CATALOGING SOURCE
Original cataloging agency MLN
Transcribing agency MLN
Modifying agency SLC
-- OCL
-- BAKER
-- BTCTA
-- CaSfIA
020 ## - INTERNATIONAL STANDARD BOOK NUMBER
International Standard Book Number 0804110972 :
Terms of availability $5.99
020 ## - INTERNATIONAL STANDARD BOOK NUMBER
International Standard Book Number 9780804110976
035 ## - SYSTEM CONTROL NUMBER
System control number (OCoLC)28289035
050 #4 - LIBRARY OF CONGRESS CALL NUMBER
Classification number PR6058.A694845
Item number S57 1993x
029 1# - (OCLC)
OCLC library identifier NZ1
System control number 4512155
029 1# - (OCLC)
OCLC library identifier AU@
System control number 000010391823
100 1# - MAIN ENTRY--PERSONAL NAME
Personal name Hart, Josephine.
245 10 - TITLE STATEMENT
Title Sin /
Medium [electronic resource]
Statement of responsibility, etc Josephine Hart.
250 ## - EDITION STATEMENT
Edition statement 1st Ballantine Books ed.
260 ## - PUBLICATION, DISTRIBUTION, ETC. (IMPRINT)
Place of publication, distribution, etc New York :
Name of publisher, distributor, etc Ivy Books,
Date of publication, distribution, etc 1993, c1992.
300 ## - PHYSICAL DESCRIPTION
Extent 169 p. ;
Dimensions 18 cm.
500 ## - GENERAL NOTE
General note Originally published: New York : A.A. Knopf, 1992.
506 ## - RESTRICTIONS ON ACCESS NOTE
Standardized terminology for access restriction Необхідна авторизація на https://archive.org/ (створення облікового запису безкоштовно)
506 ## - RESTRICTIONS ON ACCESS NOTE
Standardized terminology for access restriction Необхідна авторизація на https://openlibrary.org/ (створення облікового запису безкоштовно)
650 #0 - SUBJECT ADDED ENTRY--TOPICAL TERM
Topical term or geographic name as entry element Jealousy
Form subdivision Fiction.
655 #7 - INDEX TERM--GENRE/FORM
Genre/form data or focus term Psychological fiction.
Source of term lcsh
856 41 - ELECTRONIC LOCATION AND ACCESS
Uniform Resource Identifier <a href="http://www.archive.org/details/sin00hart">http://www.archive.org/details/sin00hart</a>
Public note Free eBook from the Internet Archive
856 42 - ELECTRONIC LOCATION AND ACCESS
Uniform Resource Identifier <a href="http://www.openlibrary.org/books/OL24594910M">http://www.openlibrary.org/books/OL24594910M</a>
Public note Additional information and access via Open Library
942 ## - ADDED ENTRY ELEMENTS (KOHA)
Koha item type ЕКнига

Немає доступних примірників.